|
|
|
|
| LEADER |
00000nas a2200000 a 4500 |
| 001 |
ssj0001122927 |
| 003 |
WaSeSS |
| 005 |
20200512172242.0 |
| 006 |
m d |
| 007 |
cr n |
| 008 |
751101c19559999au qr p s 0 b0eng |
| 010 |
|
|
|a sf 80001420
|z 00393704
|
| 016 |
7 |
|
|a 011752648
|2 Uk
|
| 022 |
|
|
|l 0025-4606
|y 0025-4606
|
| 035 |
|
|
|a (WaSeSS)ssj0001122927
|
| 040 |
|
|
|a DLC
|b eng
|c MUL
|d OCL
|d COO
|d UCU
|d DLC
|d AIP
|d DLC
|d NSD
|d DLC
|d OCLCQ
|d DLC
|d NLGGC
|d PUL
|d OCLCQ
|d CLU
|d OCLCF
|d OCLCO
|d DLC
|d OCLCQ
|d OCLCO
|d UKMGB
|d WaSeSS
|
| 041 |
0 |
|
|a eng
|a ger
|
| 042 |
|
|
|a pcc
|a nsdp
|
| 050 |
0 |
0 |
|a PN2004
|b .M36
|
| 210 |
0 |
|
|a Maske Kothurn
|
| 222 |
|
0 |
|a Maske und Kothurn
|
| 245 |
0 |
0 |
|a Maske und Kothurn
|h [electronic resource].
|
| 260 |
|
|
|a [Wien, etc.] :
|b [H. Böhlaus Nachf., etc.]
|
| 310 |
|
|
|a Quarterly
|
| 362 |
0 |
|
|a 1.- Jahrg.; 1955-
|
| 500 |
|
|
|a "Internationale Beiträge zur Theaterwissenschaft."
|
| 500 |
|
|
|a Subtitle varies.
|
| 500 |
|
|
|a Some issues have also a theme title.
|
| 506 |
|
|
|a License restrictions may limit access.
|
| 515 |
|
|
|a Some issues combined.
|
| 525 |
|
|
|a Some volumes have accompanying DVDs.
|
| 546 |
|
|
|a Text in English and German.
|
| 650 |
|
0 |
|a Theater
|v Periodicals.
|
| 650 |
|
7 |
|a Theater.
|2 fast
|0 (OCoLC)fst01149217
|
| 650 |
1 |
7 |
|a Toneel.
|2 gtt
|
| 655 |
|
0 |
|a Electronic journals.
|
| 710 |
2 |
|
|a Universität Wien.
|b Institut für Theaterwissenschaft.
|
| 856 |
4 |
0 |
|z Full text available from Research Library: 01/01/2015 to 01/31/2017
|u https://search.proquest.com/publication/2038887
|